000 00527nam a2200229Ia 4500
005 20250425161732.0
008 250425s9999 xx 000 0 und d
020 _a986261239x
041 _aspa
082 _a624.1513
100 _aWHITLOW, ROY
245 0 _aFUNDAMENTOS DE MECANICA DE SUELOS
250 _a1A ED.
260 _aMEXICO
260 _aMéxico
_bCECSA
_c1994
300 _a589
650 _aESTABILIDAD
650 _aMECANICA DEL SUELO
650 _aPERMEABILIDAD
942 _c01
010 _a26929
999 _c215038
_d215038